000
00342nam a22001337a 4500
003
SGT
020
_a
9789390700820
082
_a
891.4309
_b
A21K
100
_a
कोठारी, गुलाब
245
_a
अंतस
260
_b
इंदिरा पब्लिशिंग हाउस
_c
2021
300
_a
280
942
_2
ddc
_c
BK
999
_c
31094
_d
31094